00693nam a2200145Ia 4500008004100000020001800041100003900059245011300098260002700211650012400238650002200362856004900384999001900433952009500452171212s9999 xx 000 0 und d a9780833044068 aWolf, Charles Jr.;Levin, Norman D. cWolf, Charles Jr.;Levin, Norman D.aModernizing the North Korean SystembObjectives, Method, and Application bRAND Corporationc2008 aKorea (North) -- Politics and government -- 1994–; Korea (North) -- Economic policy; Korea (North) -- Military policy aPolitical Science uwww.jstor.org/stable/10.7249/mg710srf-mcf-rc c352336d352336 001040aCLbCLd2017-12-12l0oJQ1729.5.A58W65 2008r2017-12-12 00:00:00w2017-12-12yCBE